000 00555nam a2200229Ia 4500
003 OSt
005 20220918191149.0
006 a|||||r|||| 00| 0
007 ta
008 220917b |||||||| |||| 00| 0 eng d
024 _a61,807
037 _cTextual
040 _aARTS
_cARTS
_beng
041 _2eng
_aeng
082 _aQ43uN, K4
100 _aLokesh Chandra
_94446
245 0 _aGolden annals of Lamaism
260 _c1964
650 _aRELIGION
942 _hQ43uN, K4
_cTEXL
_2CC
999 _c188576
_d188576